<?xml version="1.0" encoding="UTF-8"?>
<record
    xmlns:xsi="http://www.w3.org/2001/XMLSchema-instance"
    xsi:schemaLocation="http://www.loc.gov/MARC21/slim http://www.loc.gov/standards/marcxml/schema/MARC21slim.xsd"
    xmlns="http://www.loc.gov/MARC21/slim">

  <leader>01261njm a22002537a 4500</leader>
  <controlfield tag="005">20100909163743.0</controlfield>
  <controlfield tag="007">sd ammalaaahaa</controlfield>
  <controlfield tag="008">100830t        xxu||||| |||| 00| 0 hin d</controlfield>
  <datafield tag="028" ind1=" " ind2=" ">
    <subfield code="a">N-54580</subfield>
    <subfield code="b">His Master's Voice</subfield>
  </datafield>
  <datafield tag="035" ind1=" " ind2=" ">
    <subfield code="a">GR-01673</subfield>
  </datafield>
  <datafield tag="040" ind1=" " ind2=" ">
    <subfield code="a">SED/VEN</subfield>
  </datafield>
  <datafield tag="100" ind1=" " ind2=" ">
    <subfield code="9">17458</subfield>
    <subfield code="a">Suman kalyan Pur</subfield>
  </datafield>
  <datafield tag="245" ind1=" " ind2=" ">
    <subfield code="a">Sarfhrosh/</subfield>
    <subfield code="h">[Sound recording] :</subfield>
    <subfield code="c">by Suman kalyan pur  S. Mohinder</subfield>
  </datafield>
  <datafield tag="246" ind1=" " ind2=" ">
    <subfield code="a">&#x938;&#x930;&#x94D;&#x92B;&#x94D;&#x939;&#x94D;&#x930;&#x94B;&#x936; </subfield>
  </datafield>
  <datafield tag="260" ind1=" " ind2=" ">
    <subfield code="a">Dum Dum, India </subfield>
    <subfield code="b">His Master's Voice</subfield>
  </datafield>
  <datafield tag="300" ind1=" " ind2=" ">
    <subfield code="a">1 Sound disc [Gramophone Record] :</subfield>
    <subfield code="b">analog, 33 1/3 rpm</subfield>
    <subfield code="c">12 in (LP)</subfield>
    <subfield code="f">Gramophone Records</subfield>
  </datafield>
  <datafield tag="500" ind1=" " ind2=" ">
    <subfield code="a">Brief record </subfield>
  </datafield>
  <datafield tag="505" ind1=" " ind2=" ">
    <subfield code="a">Part  1  &#x92F;&#x941;   &#x92E;&#x93F;&#x932;&#x947;  &#x92E;&#x941;&#x932;&#x93E;&#x915;&#x93E;&#x924; ( &#x938;&#x941;&#x92E;&#x928;    &#x915;&#x932;&#x94D;&#x92F;&#x93E;&#x923;  &#x92A;&#x941;)&#x930;   &#x938; . &#x92E;&#x94B;&#x939;&#x93F;&#x902;&#x926;&#x930; Part 1 Yu mila ke mulakat Suman kalyan pur  S. Mohinder   Part 2   &#x92F;&#x941;   &#x92E;&#x93F;&#x932;&#x947;  &#x92E;&#x941;&#x932;&#x93E;&#x915;&#x93E;&#x924; ( &#x938;&#x941;&#x92E;&#x928;    &#x915;&#x932;&#x94D;&#x92F;&#x93E;&#x923;  &#x92A;&#x941;)&#x930;   &#x938; . &#x92E;&#x94B;&#x939;&#x93F;&#x902;&#x926;&#x930; Part 1 Yu mila ke mulakat Suman kalyan pur  S. Mohinder</subfield>
  </datafield>
  <datafield tag="650" ind1=" " ind2=" ">
    <subfield code="a">Orchestra</subfield>
    <subfield code="9">1186</subfield>
    <subfield code="z">India</subfield>
    <subfield code="x">Excerpts</subfield>
  </datafield>
  <datafield tag="700" ind1=" " ind2=" ">
    <subfield code="9">17459</subfield>
    <subfield code="a">,Raul Dev Barmen</subfield>
    <subfield code="b"> </subfield>
  </datafield>
  <datafield tag="700" ind1=" " ind2=" ">
    <subfield code="a"> Majrooh Sultan Puri   </subfield>
    <subfield code="9">19239</subfield>
  </datafield>
  <datafield tag="942" ind1=" " ind2=" ">
    <subfield code="2">ddc</subfield>
    <subfield code="c">GR</subfield>
  </datafield>
  <datafield tag="999" ind1=" " ind2=" ">
    <subfield code="c">44948</subfield>
    <subfield code="d">44948</subfield>
  </datafield>
  <datafield tag="952" ind1=" " ind2=" ">
    <subfield code="0">0</subfield>
    <subfield code="1">0</subfield>
    <subfield code="2">ddc</subfield>
    <subfield code="4">0</subfield>
    <subfield code="7">1</subfield>
    <subfield code="8">NFIC</subfield>
    <subfield code="a">L</subfield>
    <subfield code="b">L</subfield>
    <subfield code="d">2010-09-09</subfield>
    <subfield code="e">SED/VEN</subfield>
    <subfield code="l">0</subfield>
    <subfield code="p">GR-01673</subfield>
    <subfield code="r">2010-09-09 00:00:00</subfield>
    <subfield code="t">1</subfield>
    <subfield code="w">2010-09-09</subfield>
    <subfield code="y">GR</subfield>
  </datafield>
</record>
